000 00609nam a2200205 a 4500
005 20220622063523.0
008 031202s2001 mx r 000 0 spa d
020 _a9681673802
035 _aUPN01000131075
049 _aI
050 4 _aPZ76.3
_bC6.7
100 1 _aComotto, Agustín,
_d1968-
_935657
245 1 0 _aSiete millones de escarabajos /
_cComotto.
260 _aMéxico :
_bFCE,
_c2001.
300 _a[31] p. :
_bprincipalmente il.
440 4 _aLos especiales de a la orilla del viento
650 0 _aAnimales
_vCuentos y leyendas
_9234
650 4 _aCuentos infantiles
_96744
905 _aInfantil
999 _c103230
_d103230